DW Things Quiz Stats

 Plays Quiz not verified by Sporcle

Challenge
Share
Tweet
Embed
Score 0/10 Timer 02:00
0 Plays Today
Question DW thing % Correct
Drunkenly operating a motor vehicleDWI
97.9%
President Eisenhower or Schrute of 'The Office'Dwight
94.3%
The real first name of 'The Rock'Dwayne
92.8%
A nerdish or inept persondweeb
88.7%
A home or shelterdwelling
83%
Become steadily lessdwindle
83%
Gimli, Thorin Oakenshield, or Balin, e.g.dwarf
72.7%
First name of Wade of the Miami HeatDwyane
40.7%
The eldest son of Frank ZappaDweezil
32.8%
The director of 'Birth of a Nation'D.W. Griffith
28.4%

You're not logged in!

Compare scores with friends on all Sporcle quizzes.
OR
Log In

You Might Also Like...

Show Comments

Extras

Created Jan 25, 2012ReportNominate
Tags:Starts With

Top Quizzes Today


Score Distribution

Your Account Isn't Verified!

In order to create a playlist on Sporcle, you need to verify the email address you used during registration. Go to your Sporcle Settings to finish the process.

Report this User

Report this user for behavior that violates our Community Guidelines.

Details: